Петрография : (Record no. 507451)
[ view plain ]
| 000 -LEADER | |
|---|---|
| fixed length control field | 01006nam a2200193 u 4500 |
| 001 - CONTROL NUMBER | |
| control field | 000146003 |
| 003 - CONTROL NUMBER IDENTIFIER | |
| control field | AM-YEHGA |
| 005 - DATE AND TIME OF LATEST TRANSACTION | |
| control field | 20250617163503.0 |
| 008 - FIXED-LENGTH DATA ELEMENTS--GENERAL INFORMATION | |
| fixed length control field | 030329s1960 ||||||||||||||||||||rus c |
| 040 ## - CATALOGING SOURCE | |
| Original cataloging agency | AM-YeHGA |
| 090 ## - LOCALLY ASSIGNED LC-TYPE CALL NUMBER (OCLC); LOCAL CALL NUMBER (RLIN) | |
| -- | 510877 |
| 100 1# - MAIN ENTRY--PERSONAL NAME | |
| Personal name | Заварицкий, В.А. |
| 245 10 - TITLE STATEMENT | |
| Title | Петрография : |
| Remainder of title | Конспект лекций / |
| Statement of responsibility, etc. | В.А. Заварицкий ; Ленингр. горный ин-т им. Г.В. Плеханова. |
| 260 ## - PUBLICATION, DISTRIBUTION, ETC. | |
| Place of publication, distribution, etc. | Ленинград : |
| Name of publisher, distributor, etc. | Б. и., |
| Date of publication, distribution, etc. | 1960. |
| 300 ## - PHYSICAL DESCRIPTION | |
| Extent | ч. |
| 505 00 - FORMATTED CONTENTS NOTE | |
| Miscellaneous information | Ч. 1 (1960, 251 с.) : |
| Title | Изверженные горные породы : |
| Miscellaneous information | Ч. 2 (1961, 352 с.) : |
| Title | Осадочные и метаморфические породы |
| Miscellaneous information | Ч. 3 (1961, 232 с.) : |
| Title | Микроскопический метод изучения прозрачных минералов и горных пород |
| 650 14 - SUBJECT ADDED ENTRY--TOPICAL TERM | |
| Topical term or geographic name entry element | Петрография |
| 710 2# - ADDED ENTRY--CORPORATE NAME | |
| Corporate name or jurisdiction name as entry element | Ленинградский горный институт им. Г.В. Плеханова |
| Withdrawn status | Lost status | Damaged status | Not for loan | Collection | Home library | Current library | Date acquired | Serial enumeration / chronology | Total checkouts | Full call number | Barcode | Date last seen | Price effective from | Koha item type | Public note | Source of classification or shelving scheme |
|---|---|---|---|---|---|---|---|---|---|---|---|---|---|---|---|---|
| General | Fundamental Scientific Library | Fundamental Scientific Library | 24/06/2020 | Ч. 1 | РII/36620 | FL0621692 | 24/06/2020 | 24/06/2020 | Գրքեր / Books | 30 Days Loan | ||||||
| General | Fundamental Scientific Library | Fundamental Scientific Library | 04/02/2021 | Ч. 2 | PII/43495 | FL0639304 | 04/02/2021 | 04/02/2021 | Գրքեր / Books | 30 Days Loan | Universal Decimal Classification | |||||
| General | Fundamental Scientific Library | Fundamental Scientific Library | 06/05/2021 | Ч. 3 | РII/50400 | FL0645923 | 06/05/2021 | 06/05/2021 | Գրքեր / Books | 30 Days Loan |
ՀՀ Գիտությունների ազգային ակադեմիայի հիմնարար գիտական գրադարան = Fundamental Scientific Library of NAS RA
All site content, except where otherwise noted, is licensed under a